000 00390nam a2200157Ia 4500
008 221030s9999 xx 000 0 und d
020 _a9380358888
041 _aEnglish
100 _aN. D. Bhatt
245 0 _aMachine Drawing
_cby N. D. Bhatt, V. M. Panchal
260 _bCharotar Pub
_aGujarat
_c2014
300 _a360
650 _aMechanical
700 _aV. M. Panchal
942 _cBK
999 _c15612
_d15612